2018 Ballon d'Or Placements - Statistics

General Stats
  • This quiz has been taken 18 times
  • The average score is 28 of 30
Answer Stats
Points Club(s) Nationality Player % Correct
414 Atletico Madrid France Antoine Griezmann
100%
476 Real MadridJuventus Portugal Cristiano Ronaldo
100%
347 PSG France Kylian Mbappe
100%
280 Barcelona Argentina Lionel Messi
100%
753 Real Madrid Croatia Luka Modric
100%
188 Liverpool Egypt Mohamed Salah
100%
2 RomaLiverpool Brazil Alisson
94%
119 Chelsea Belgium Eden Hazard
94%
3 PSG Uruguay Edinson Cavani
94%
6 Real Madrid Wales Gareth Bale
94%
25 Spurs England Harry Kane
94%
4 Barcelona Croatia Ivan Rakitic
94%
6 Real Madrid France Karim Benzema
94%
29 Man City Belgium Kevin De Bruyne
94%
17 Barcelona Uruguay Luis Suarez
94%
19 PSG Brazil Neymar
94%
24 Chelsea France N'Golo Kante
94%
9 Man Utd France Paul Pogba
94%
4 Liverpool Brazil Roberto Firmino
94%
3 Liverpool Senegal Sadio Mane
94%
7 Man City Argentina Sergio Aguero
94%
12 ChelseaReal Madrid Belgium Thibaut Courtois
94%
1 Atletico Madrid Uruguay Diego Godin
89%
0 Spurs France Hugo Lloris
89%
2 Atletico Madrid Slovenia Jan Oblak
89%
3 Real Madrid Brazil Marcelo
89%
2 Juventus Croatia Mario Mandzukic
89%
4 Real Madrid Spain Sergio Ramos
89%
0 Real Madrid Spain Isco
83%
121 Real Madrid France Raphael Varane
83%
No matching quizzes found
Score Distribution
Percent of People with Each Score
Percentile by Number Answered
Your Score History
You have not taken this quiz